|
|
|
|
| LEADER |
00907pam a22002418a 4500 |
| 001 |
00022184 |
| 005 |
20171026081022.0 |
| 008 |
110528s1986 ||||||Viesd |
| 041 |
0 |
# |
|a Vie
|
| 082 |
1 |
4 |
|a 823
|b ÔL300V
|
| 100 |
0 |
# |
|a Saclơ Đickenx
|
| 245 |
0 |
0 |
|a Ôlivơ Tuýt
|b Tiểu thuyết. Hai tập
|c Đíckenx Saclơ; Phan Ngọc dịch
|n T.1
|
| 260 |
# |
# |
|a H.
|b Văn học
|c 1986
|
| 300 |
# |
# |
|a 310 tr.
|c 19 cm.
|
| 500 |
# |
# |
|a Văn học cổ điển nước ngoài - Văn học Anh
|
| 650 |
# |
4 |
|a Văn học cổ điển Anh
|
| 653 |
# |
# |
|a Tiểu thuyết
|
| 700 |
0 |
# |
|a Phan Ngọc
|e Dịch và giới thiệu
|
| 852 |
# |
# |
|b Kho mượn
|j KM.0010375, KM.0010377
|
| 852 |
# |
# |
|b Kho đọc
|j KD.0007626
|
| 852 |
# |
# |
|j KD.0007626
|j KM.0010375
|j KM.0010377
|
| 910 |
0 |
# |
|a Hoa Lê
|d 28/05/2011
|
| 980 |
# |
# |
|a Trung tâm Học liệu Lê Vũ Hùng, Trường Đại học Đồng Tháp
|